000 01844nam a2200253Ia 4500
999 _c37677
_d37677
001 3649
003 GE_BSU
005 20190625203456.0
008 181216s2009||||ge |||||||||||||| ||geo||
020 _a9789941125119
040 _cGE_BSU
041 _ageo
080 _a327(075.8) მ–27
100 _aმანველიძე, ირაკლი
_92014
245 _aსისტემური საერთაშორისო ურთიერთობების გენეზისი და ევოლუცია :
_bწ. 2 : ვენის სისტემა და მისი ტრანსფორმაცია /
_cირაკლი მანველიძე ; [რედ. რეზო მანველიძე] ; შოთა რუსთაველის სახელმწ. უნ-ტის სოციალ. მეცნ., ბიზნესისა და სამართალმცოდნ. ფაკ., სოციალ. მეცნ. დეპარტამენტი.
264 _aთბილისი :
_bუნივერსალი,
_c2009.
300 _a306 გვ.
_b20 სმ.
653 _aსაერთაშორისო ურთიერთობების ისტორია
653 _aსაზღვარგარეთის ქვეყნების ისტორია
653 _aვენის სისტემა
700 _aმანველიძე, რეზო
_eრედაქტორი
_91497
710 _aშოთა რუსთაველის სახელმწ. უნ-ტი
_bსოციალ. მეცნ., ბიზნესისა და სამართალმცოდნ. ფაკ., სოციალ. მეცნ. დეპარტამენტი.
_92928
942 _cBK
_2udc